000
00206 a2200097 4500
001
1611
100
_a
Bashforth,G.R
245
_a
Manufacture of iron & steel
260
_a
_b
Chapman
_c
090
_c
1149
_d
1149
942
_a
NUST-CAE
_c
M
_c
1658
999
_c
236684
_d
236684